Discographie de Kanye West : Albums studio - Statistiques

Statistiques générales
  • Ce quiz a été pris 884 fois
    279 depuis la dernière actualisation
  • Le résultat moyen est 90 sur 250
Statistiques - réponses
Track n° THE COLLEGE DROUPOUT % Correct
GRADUATION(2007) Good Morning
81%
Heartless
78%
All Falls Down (ft. Syleena Johnson)
77%
All of the Lights (ft. John Legend... +13)
77%
All of the Lights (interlude)
77%
Flashing Lights (ft. Dwele)
77%
Runaway (ft. Pusha T)
76%
Stronger (A-Trak Remix)
75%
Stronger (ft. Daft Punk)
75%
MY BEAUTIFUL DARK TWISTED FANTASY
(2010)
Dark Fantasy
74%
Power
74%
Through the Wire
73%
Devil in a New Dress (ft. Rick Ross)
71%
I Wonder
71%
Monster ( ft. Jay-Z, Rick Ross, Nicki Minaj... +1)
70%
Bound 2
69%
Ghost Town
69%
Ni**as in Paris
69%
YEEZUS (2013) On Sight
68%
JAPAN EDITION : BONUS | UK EDITION : BONUS | iTUNES STORE BONUS TRACKS Good Night (ft. Al Be Back & Mos Def)
67%
Homecoming (ft. Chris Martin)
67%
Touch the Sky (ft. Lupe Fiasco)
67%
Jesus Walks
64%
School Spirit (Skit 1)
64%
School Spirit (Skit 2)
64%
Drunk and Hot Girls (ft. Mos Def)
63%
Pt. 2 (ft. Desiigner & Caroline Shaw)
63%
Saint Pablo
63%
Gold Digger (ft. Jamie Foxx)
62%
Gorgeous (ft. Kid Cudi & Raekwon)
62%
New Slaves
60%
Spaceship (ft. GLC & Consequence)
60%
Black Skinhead
59%
Family Business
59%
Father Stretch My Hands Pt. 1 (ft. Kid Cudi)
59%
Good Life (ft. T-Pain)
59%
Big Brother
58%
Can't Tell Me Nothing
58%
Carnival
58%
Donda (ft. Stalone & Tony Williams)
58%
Famous (ft. Rihanna & Swizz Beatz)
58%
Roses
58%
Violent Crimes
58%
Last Call
57%
WATCH THE THRONE (2011) ft. Jay-Z No Church in the Wild (ft. Frank Ocean & The-Dream)
57%
No More Parties in L.A. (ft. Kendrick Lamar)
57%
Skit #1
57%
Skit #2
57%
Skit #3
57%
Skit #4
57%
Champion
56%
God Is
56%
Wolves (ft. Sia & Vic Mensa)
56%
Blame Game (ft. John Legend)
55%
BONUS TRACKS Diamonds from Sierra Leone
55%
Diamonds from Sierra Leone (Remix) (ft. Jay-Z)
55%
Otis (ft. Otis Redding)
55%
Hold My Liquor
54%
Lost in the World (ft. Bon Iver)
54%
THE LIFE OF PABLO(2015) Ultralight Beam (ft. Chance The Rapper... +2)
54%
We Don't Care
54%
Everything I Am (ft. DJ Premier)
53%
Hell of a Life
53%
Street Lights
53%
Heard 'Em Say (ft. Adam Levine)
52%
Hey Mama
52%
Barry Bonds (ft. Lil Wayne)
51%
Blood On the Leaves
51%
THE COLLEGE DROPOUT (2004) Intro
51%
Slow Jamz (ft. Twista & Jamie Foxx)
51%
Who Will Survive in America
51%
Welcome to Heartbreak (ft. Kid Cudi)
50%
Workout Plan
50%
Drive Slow (ft. Pall Wall & GLC)
49%
I Am a God (ft. God)
49%
YE (2018) I Thought About Killing You
49%
Paranoid (ft. Mr. Hudson)
49%
Waves (ft. Chris Brown)
49%
Yikes
49%
Burn
47%
RoboCop
47%
Two Words (ft. Mos Def, Freeway... +1)
47%
We Major (ft. Nas & Really Doe)
47%
Freeee (Ghost Town, Pt. 2) [ft. Ty Dolla $ign]
46%
Late
46%
Reborn
46%
School Spirit
46%
So Appalled (ft. Swizz Beatz, Jay-Z... +3)
46%
All Mine
45%
Pinocchio Story (freestyle live)
45%
Follow God
44%
Hurricane (ft. Lil Baby & The Weeknd)
43%
808's AND HEARTBREAK(2008) Say You Will
43%
The New Workout Plan
43%
Never Let Me Down (ft. jay-Z & J. Ivy)
42%
No Mistakes
42%
Amazing (ft. Young Jeezy)
41%
LATE REGISTRATION(2005) Wake Up Mr. West
41%
The Glory
40%
530
39%
Kids See Ghosts (ft. Yasiin Bey)
39%
4th Dimension (ft. Louis Prima)
38%
Addiction
38%
Coldest Winter
38%
Fade (ft. Post Malone & Ty Dolla Sign)
38%
Love Lockdown
38%
Moon (ft. Don Toliver & Kid Cudi)
38%
Praise God (ft. Baby Keem & Travis Scott)
38%
VULTURES 1 (2024) ft. Ty Dolla $ign Stars
37%
FML (ft. The Weeknd)
36%
Guilt Trip
36%
Jail (ft. Jay-Z)
36%
Selah
36%
Water (ft. Ant Clemons)
36%
Closed on Sunday
35%
I'm In It
35%
Vultures
35%
Cudi Montage
34%
Fire
34%
Off the Grid (ft. Playboi Carti & Fivio Foreign)
34%
DONDA(2021) Donda Chant (ft. Syleena Johnson)
33%
Graduation Day
33%
DELUXE TRACKS Life Of the Party (ft. André 3000)
33%
Bittersweet Poetry (ft. John Mayer)
32%
Highlights (ft. Young thug, The-Dream... +2)
32%
I Love Kanye
32%
Real Friends (ft. Ty Dolla Sign)
32%
30 hours (ft. André 3000)
31%
Breathe In Breathe Out (ft. Ludacris)
31%
Come to Life
31%
Crack Music (ft. The Game)
31%
On God
31%
Send It Up
31%
Celebration
30%
Gone (ft. Cam'ron & Consequence)
30%
Low light
30%
No Child Left Behind (ft. Sunday Service Choir...+1)
30%
Frank's Track (ft. Frank Ocean)
29%
Jesus is Lord
29%
DONDA 2 (2022) True Love
29%
Use This Gospel (ft. Clipse & Kenny G)
29%
Feedback
28%
Jesus Lord (ft. Jay Electronica & Swizz Beatz)
28%
Jesus Lord, Pt. 2 (ft. Jay Electronica... +2)
28%
Junya (ft. Playboi Carti)
28%
Junya, Pt. 2 (ft. Playboi Carti & Ty Dolla Sign)
28%
Wouldn't Leave
28%
24 (ft. Sunday Service Choir)
27%
Get Em High (ft. Talib Kweli & Common)
27%
See You in My Nightmares (ft. Lil Wayne)
27%
Believe What I Say
26%
Bomb
26%
King
26%
Bad News
25%
KIDS SEE GHOSTS (2018) ft. Kid Cudi Feel the Love (ft. Pusha T)
25%
Freestyle 4 (ft. Desiigner)
25%
Hoodrat
25%
Pablo
25%
Why I Love You (ft. Mr Hudson)
25%
Lil Jimmy (Skit)
24%
Bring Me Down (ft. Brandy)
23%
Do It
23%
Field Trip
23%
I'll Fly Away
23%
Remote Control (ft. Young Thug)
22%
Remote Control Pt. 2
22%
River
21%
Welcome to the Jungle
21%
Back to Me
20%
Fuk Sumn
20%
Husband
20%
Paperwork
20%
Sky City
20%
Facts (Charlie Heat Version)
19%
Fried
19%
Jonah (ft. Lil Durk & Vory)
19%
Ok Ok (ft. Fivio Foreign & Lil Yachty)
19%
Ok Ok, Pt. 2 (ft. Shenseea & Rooga)
19%
Problematic
19%
Promotion
19%
Talking
19%
Beg Forgiveness
17%
JESUS IS KING(2019) Every Hour (ft. Sunday Service)
17%
Made in America (ft. Frank Ocean)
17%
My Way Home (ft. Common)
17%
Broken Road
16%
H.a.m
16%
Happy
16%
Heaven and Hell
16%
Paid
16%
Scifi
16%
Siiiiiiiiilver Surffffer Intermission (ft. Max B... +1)
16%
VULTURES 2 (2024) ft. Ty Dolla $ign Slide
16%
City of God
15%
Everything We Need (ft. Ty Dolla Sign... +1)
15%
Keys to My Life
15%
Lift Off (ft. Beyoncé)
15%
That's My Bitch
15%
Burn Everything
14%
Hands On (ft. Fred Hammond)
14%
Mr. Miyagi
14%
First Time in a Long Time
13%
God Breathed (ft. Vory)
13%
Jesse
13%
Murder to Excellence
13%
New Day
13%
Gotta Have It
12%
Keep the flowers
12%
Never Abandon Your Family
12%
Primetime
12%
Souls Outro
12%
Tell the Vision (ft. Pop Smoke)
12%
The Joy (ft. Curtis Mayfield)
12%
We Did It
12%
Forever
11%
Illest Motherfucker Alive
11%
Isabella
11%
Louie Bags
11%
Pure Souls (ft. Roddy Ricch & Shenseea)
11%
Time Moving Slow
11%
Dead
10%
Get Lost
10%
Keep My Spirit Alive (ft. Conway The Machine...+1)
10%
Keep My Spirit Alive Pt.2
10%
Lifestyle
10%
Lord I Need You
10%
Lord Lift Me Up
10%
My Soul
10%
New Again
10%
Security
10%
iTUNES STORE BONUS TRACKS See Me Now (ft. Beyoncé, Charlie Wilson... +1)
10%
Who Gon Stop Me
10%
City of Chi
9%
Forever Rolling
9%
Maintenance
9%
Suzy
9%
Too Easy
8%
Up From the Ashes
8%
Kim
5%
Back to Basics (ft. Common)
4%
NEVER STOP (2025) ft. King Combs Lonely Roads (ft. North West & Jaas)
4%
Diddy Free
3%
People Like Me
3%
Repeat Me
3%
The List
3%
"TOUCH THE SKY TOUR AUSTRALIA" BONUS We Can Make It Better (ft. Common, Q-Tip... +2)
3%
Aucun quiz correspondant
Distribution des résultats
% des personnes avec chaque résultat
Percentile par nombre de réponses
Votre historique - résultats
Vous n’avez pas pris ce quiz depuis la dernière actualisation